000 00632nam a2200229Ia 4500
003 OSt
005 20221007074127.0
006 a|||||r|||| 00| 0
007 ta
008 221006b |||||||| |||| 00| 0 eng d
024 _a30,030
037 _cTextual
040 _aFLL
_cFLL
_beng
041 _2eng
_aeng
082 _aXM55,72y7, L8
100 _aRamakrishnan T.A.
245 0 _aTaxation of firms and partners
260 _aMadras
_bCompany Law Institute of India Pvt. Ltd. India
_c1978
300 _axlii,461p
_ccm.
942 _hXM55,72y7, L8
_cTEXL
_2CC
999 _c1151256
_d1151256